01385nab a2200373 uc450000100070000000500170000700800410002403500110006503500210007604000130009704100080011010000380011824500870015665000220024365000200026565000270028565000390031265000410035165000600039265000340045265000320048665100290051870000370054770000360058470000490062070000400066970000400070970000380074970000350078770000370082277301230085994200100098299900190099285395220250312092730.0031113e20030905 eng  a853952 a(OCoLC)820084572 ccomduadb aeng10aSuarez, Olga V.4auteaut938736210aPrevalence of infection with hantavirus in rodent populations of central Argentina aHantavirus925205 aRoedores910823 aSeroprevalencia960294 aReservorios de enfermedades922026 aEnfermedades cardiopulmonares936991 aELISA (Ensayo inmunoabsorbente unido a enzimas)9113794 aRiesgos para la salud9117533 7aEpidemiología2lemb95453 7aArgentina2embne987055010aCueto, Gerardo4auteaut938736310aCavia, Regino4auteaut935991310aGomez Villafane, Isabel E.4auteaut935991410aBilenca, David N.4auteaut929004610aEdelstein, Alexis4auteaut938736410aMartinez, Paula4auteaut938736510aBusch, Maria4auteaut936003510aHodara, Karina4auteaut93873660 tMemorias do Instituto Oswaldo Cruz (Rio de Janeiro)gVol. 098, No. 06, Sep. 2003, p. 727-732w280998x0074-0276096126 cARIMP c303065d303065